000 00438nam a2200109Ia 4500
008 171204s9999 xx 000 0 und d
245 _aCurriculum for Culturally Responsive Health Care: The Step-by-Step Guide for Cultural Competence Training
245 _cJeffrey Ring, Julie Nyquist, and Suzanne Mitchell
260 _c2016
650 _xField Study 4: Exploring the Curriculum
856 _uhttp://down.ebook777.com/059/9781846192944.pdf
999 _c345808
_d345808